000 01447naa a22003737a 4500
001 BR8400257
003 BR-BrBNA
005 20250721154429.0
007 ta
008 250630b bl.|||m| |||| 00| 0 por d
040 _aBR-BrBNA
_bpor
_cBiblioteca Nacional de Agricultura
041 _a(Pt)
072 _aF25
_b0336
_b3840
090 _aF25 BR8400257
100 1 _aFonseca Junior, N.S.
100 1 _aMaria, J.
100 1 _aSediyama, T.
100 1 _aPereira, M.G.
100 1 _aYamada, M.M.
100 1 _aTragnago, J.L.
111 1 _a2. Seminario Nacional de Pesquisa de Soja
_cBrasilia, DF (Brazil)
_d16 Feb 1981
245 1 _aMetodo de deteccao visual da sensibilidade ao aluminio em soja (Glycine max (L.)Merrill)
246 1 _aA visual method for aluminium sensitivity detection in soybean (Glycine max (L.)Merrill)
246 1 _a[Annals of the 2. National Seminar of Soybean Research]
_bv. 2
500 _aAnais do 2. Seminario Nacional de Pesquisa de Soja Londrina, PR (Brasil): 1982. p. 678-685 [20 ref.; Summaries (En, Pt)] (BR8400257-AMS)
773 0 _tAnais do 2. Seminario Nacional de Pesquisa de Soja
_b
_wF25 BR8400257
_gLondrina, PR (Brasil), 1982. p. 678-685
650 _aSOJA
650 _aALUMINIO
650 _aTOXIDEZ
650 _aSOLO
490 _aDocumentos - Centro Nacional de Pesquisa de Soja (Brazil)
_vno. 1
_xISSN 0101-5494
942 _cAMS
_2AGRIS
909 _a202506
_bLúcia
_c55
_dLúcia Elande
999 _c334706
_d334706